Statistics for Cleveland Cavaliers: Most 3-PT FGs Each Year

Click here to take the quiz!

General Stats

  • This quiz has been taken 192 times
    (61 since last reset)
  • The average score is 21 of 44

Answer Stats

YearPlayer3-PT FGs% Correct
2003-2004LeBron James63
100%
2006-2007LeBron James99
100%
2004-2005LeBron James108
100%
2022-2023Donovan Mitchell245
93%
2016-2017Kyrie Irving177
93%
2014-2015Kyrie Irving157
93%
2013-2014Kyrie Irving123
93%
2020-2021Darius Garland105
79%
2021-2022Kevin Love187
79%
2019-2020Kevin Love167
79%
2015-2016J.R. Smith204
72%
1979-1980Willie Smith17
72%
1991-1992Mark Price101
70%
1987-1988Mark Price72
70%
1993-1994Mark Price118
70%
1994-1995Mark Price103
70%
1992-1993Mark Price122
70%
1988-1989Mark Price93
70%
1989-1990Mark Price152
70%
2008-2009Mo Williams183
54%
2009-2010Mo Williams159
54%
2017-2018Kyle Korver164
51%
1984-1985World B. Free71
32%
1983-1984World B. Free22
32%
1982-1983World B. Free15
32%
1985-1986World B. Free71
32%
2005-2006Damon Jones140
30%
2002-2003Jumaine Jones111
30%
2011-2012Antawn Jamison91
26%
1990-1991Craig Ehlo49
26%
2018-2019Jordan Clarkson144
25%
2007-2008Daniel Gibson118
19%
2010-2011Daniel Gibson118
19%
1999-2000Bob Sura122
9%
2012-2013C.J. Miles126
9%
1998-1999Wesley Person75
9%
1997-1998Wesley Person192
9%
2001-2002Wesley Person143
9%
1986-1987John Bagley31
5%
2000-2001Lamond Murray61
5%
1995-1996Dan Majerle146
4%
1996-1997Danny Ferry114
4%
1981-1982Ron Brewer/Scott Wedman5
4%
1980-1981Mike Bratz57
2%

Score Distribution

Percentile by Number Answered

Percent of People with Each Score

Your Score History

You have not taken this quiz since the last reset